Classement des nations aux Jeux de la Francophonie depuis 1989 - Statistiques

Statistiques générales
  • Ce quiz a été pris 4 fois
  • Le résultat moyen est 17 sur 50
Statistiques - réponses
Rang Or Argent Bronze Total Pays Continent % Correct
1 219 163 132 514 France Europe
100%
6 26 35 54 115 Cameroun Afrique
75%
2 92 80 126 298 Canada Amérique
75%
10 22 18 28 68 Madagascar Afrique
75%
3 59 100 90 249 Maroc Afrique
75%
5 39 41 47 127 Sénégal Afrique
75%
8 17 31 40 88 Tunisie Afrique
75%
23 7 7 9 23 Arménie Asie
50%
19 9 10 15 34 Congo Afrique
50%
9 27 28 26 81 Côte d'ivoire Afrique
50%
18 6 11 21 38 RD Congo Afrique
50%
27 6 3 7 16 Bénin Afrique
25%
42 1 0 3 4 Bulgarie Europe
25%
14 15 13 24 52 Burkina Faso Afrique
25%
29 3 4 7 14 Burundi Afrique
25%
38 0 0 6 6 Cambodge Asie
25%
38 2 2 2 6 Cap vert Afrique
25%
35 0 1 6 7 Centrafrique Afrique
25%
28 6 2 7 15 Djibouti Afrique
25%
45 0 1 0 1 Dominique Amérique
25%
13 19 15 22 56 Egypte Afrique
25%
21 2 9 17 28 Gabon Afrique
25%
35 3 3 1 7 Guinée Afrique
25%
45 0 1 0 1 Guinée Bissau Afrique
25%
45 0 0 1 1 Guinée équatoriale Afrique
25%
41 2 1 2 5 Haïti Amérique
25%
38 3 2 1 6 Kosovo Europe
25%
20 9 9 15 33 Liban Asie
25%
30 1 5 6 12 Lituanie Europe
25%
25 0 5 13 18 Luxembourg Europe
25%
43 1 0 1 2 Macédoine Europe
25%
25 1 6 11 18 Mali Afrique
25%
12 15 20 24 59 Maurice Afrique
25%
43 0 1 1 2 Monténégro Europe
25%
17 5 19 15 39 Niger Afrique
25%
21 2 7 19 28 Nouveau-Brunswick Amérique
25%
15 20 8 20 48 Pologne Europe
25%
34 1 1 6 8 Qatar Asie
25%
7 24 32 55 111 Québec Amérique
25%
4 81 52 58 191 Roumanie Europe
25%
32 5 2 4 11 Rwanda Afrique
25%
45 0 0 1 1 Sainte-Lucie Amérique
25%
30 6 3 3 12 Seychelles Afrique
25%
45 0 1 0 1 Slovaquie Europe
25%
16 10 7 27 44 Suisse Europe
25%
24 6 8 6 20 Tchad Afrique
25%
35 2 2 3 7 Togo Afrique
25%
45 0 0 1 1 Uruguay Amérique
25%
33 1 4 4 9 Vietnam Asie
25%
10 16 18 34 68 Wallonie Europe
25%
Aucun quiz correspondant
Distribution des résultats
% des personnes avec chaque résultat
Percentile par nombre de réponses
Votre historique - résultats
Vous n’avez pas pris ce quiz